|
|
|
|
| LEADER |
00622nab a2200193 i 4500 |
| 001 |
acta11419 |
| 005 |
20210707111225.0 |
| 008 |
161015s1988 hu o 0|| hun d |
| 022 |
|
|
|a 1216-8033
|
| 040 |
|
|
|a SZTE Egyetemi Kiadványok Repozitórium
|b hun
|
| 041 |
|
|
|a hun
|
| 100 |
1 |
|
|a Minkin A.
|
| 245 |
1 |
0 |
|a Csak generációs probléma?
|h [elektronikus dokumentum] :
|b részlet A. Minkin cikkéből /
|c Minkin A.
|
| 260 |
|
|
|c 1988
|
| 300 |
|
|
|a 18-19
|
| 490 |
0 |
|
|a Gondolat-jel
|
| 695 |
|
|
|a Irodalomtudomány
|
| 700 |
0 |
1 |
|a D. J.
|e aut
|
| 856 |
4 |
0 |
|u http://acta.bibl.u-szeged.hu/11419/1/gondolatjel_1988_2_018-019.pdf
|z Dokumentum-elérés
|